01290cam a22003015a 45000010009000000050017000090080041000260200018000670200015000850400059001000820019001591110038001782450181002162600040003973000035004374900059004724900051005315040051005825300024006336500042006576500040006996530026007397000031007657000025007969420008008219990017008299520142008461598794320160908114001.0091118t2009 gw a frb 101 0 eng d a9783642108372 a3642108377 aBTCTAcBTCTAdOHXdAZSdBWXdYDXCPdDLCdEG-ScBUEbeng04a005.8222bINF2 aWISA 2009d(2009 :cPusan, Korea)10aInformation security applications :b10th international workshop, WISA 2009, Busan, Korea, August 25-27, 2009 : revised selected papers /c[editors] Heung Youl Youm, Moti Yung. aBerlin :bSpringer-Verlag,cc.2009. axiii, 386 p. :bill. ;c24 cm.0 aLecture notes in computer science,x0302-9743 ;v5932.0 aLNCS sublibrary: SL 4-security and cryptology. aIncludes bibliographical references and index. aAlso issued online. 0aComputer securityvCongresses.2BUEsh 0aData protectionvCongresses.2BUEsh bCOMSCIcSeptember20161 aYoum, Heung Youl,eeditor.1 aYung, Moti,eeditor. 2ddc c22344d22316 00102ddc40708BaccahaMAINbMAINcLOWd2016-09-08ePurchaseg558.00h2000088l0o005.8 INFp000033603r2025-07-15 00:00:00v967.50yBB